|
|
|
|
| LEADER |
00000nam a2200000Ii 4500 |
| 001 |
DIGPAKARINA0007 |
| 003 |
NyNyDIG |
| 006 |
m o d |
| 008 |
200302s2016 pe ob 000 0 spa d |
| 007 |
cr ||||||||||| |
| 020 |
|
|
|z 9786124297120
|
| 020 |
|
|
|z 6124297124
|
| 035 |
|
|
|a (OCoLC)1147803858
|
| 040 |
|
|
|a DGITA
|b eng
|e rda
|e pn
|c DGITA
|
| 043 |
|
|
|a s-pe---
|
| 050 |
1 |
4 |
|a F3430.6.G8 ebook
|
| 082 |
0 |
4 |
|a 985.03092
|
| 245 |
0 |
0 |
|a Guamán Poma de Ayala :
|b las travesías culturales /
|c Mauro Mamani Macedo (editor).
|
| 264 |
|
1 |
|a Lima :
|b Universidad Nacional Mayor de San Marcos :
|b Pakarina Ediciones,
|c [2016]
|
| 300 |
|
|
|a 1 online resource.
|
| 336 |
|
|
|a text
|b txt
|2 rdacontent
|
| 337 |
|
|
|a computer
|b c
|2 rdamedia
|
| 338 |
|
|
|a online resource
|b cr
|2 rdacarrier
|
| 347 |
|
|
|a text file
|2 rdaft
|
| 347 |
|
|
|b PDF
|
| 504 |
|
|
|a Includes bibliographical references.
|
| 505 |
0 |
|
|a Acerca de silencios y "errores" : "...el conpañero de Colum a las yndias" / Rocío Quispe-Agnoli -- Música, poesía y danza en las corónicas de Guamán Poma / Carlos Huamán -- Guamán Poma : la travesía sublevante de la palabra poética / Gonzalo Espino Relucé -- Un inconcluso proceso de canonización : Guamán Poma de Ayala y las antologías generales de poesía peruana / Daniel Carrillo Jara -- Informe al Rey : Guamán Poma y Juan Gonzalo Rose / Mauro Mamani Macedo -- La etnografía y Guamán Poma de Ayala / Ladislao Landa Vásquez -- Guamán Poma en un texto : ensayo de antropología y literatura / Rommel Plasencia Soto -- "Y mandó retratarse el dicho Mango Inga y a sus armas en una peña grandísima para que fuese memoria..." / Victor Falcón Huayta -- Guamán Poma de Ayala y la extirpación de idolatrías / José Antonio Chaupis Torres, W. J. Ricardo Aguilar Saavedra -- Las violencias en/sobre el Primer nueva corónica y buen gobierno de Felipe Guamán Poma de Ayala / Ena Mercedes Matienzo León -- Puriq Guamán Poma : espacialidades y territorios en movimiento / Yazmín López Lenci -- Son indios belicosos, indios de la montaña, comen carne humana : representación del Antisuyu en Nueva corónica y buen gobierno de Guamán Poma de Ayala / Manuel Cornejo Chaparro -- Edades y partes del mundo : claves ontológicas en la obra de Guamán Poma de Ayala / Zenón Depaz Toledo -- Contra la forclusión : la herencia gráfica y política de Felipe Guamán Poma de Ayala en dos dibujantes peruanos contemporáneos / Juan Valle Quispe -- Guamán Poma de Ayala : literalidades híbridas en la formación de profesores indígenas en Brasil en el siglo XXI / Giane da Silva Mariano Lessa.
|
| 588 |
0 |
|
|a Online resource; title from PDF title page (Digitalia, viewed March 2, 2020)
|
| 600 |
1 |
0 |
|a Guamán Poma de Ayala, Felipe,
|d active 1613.
|
| 651 |
|
0 |
|a Peru
|x History
|y To 1820
|x Historiography.
|
| 655 |
|
0 |
|a Electronic books.
|
| 700 |
1 |
|
|a Mamani Macedo, Mauro,
|e editor.
|
| 776 |
0 |
8 |
|i Print version:
|t Guamán Poma de Ayala.
|b Primera edición.
|d Lima : Universidad Nacional Mayor de San Marcos : Pakarina Ediciones, 2016
|z 9786124297120
|w (DLC) 2016445992
|w (OCoLC)971482416
|
| 791 |
2 |
|
|a Digitalia (Firm),
|e distributor.
|
| 793 |
0 |
|
|g Digitalia eBook Collection:
|a Pakarina Ediciones.
|
| 856 |
4 |
0 |
|3 Digitalia Hispánica
|u https://www.digitaliapublishing.com/a/58703/
|
| 910 |
|
|
|a Premium Collection: 2020
|